| 000 | 01670nam a22002775a 4500 | ||
|---|---|---|---|
| 999 |
_c26012 _d25984 |
||
| 003 | OSt | ||
| 005 | 20190131152435.0 | ||
| 008 | 180124s2012 ua frb 000 0 ara d | ||
| 040 |
_aEG-ScBUE _bara _cEG-ScBUE _dEG-ScBUE |
||
| 043 | _af-ua--- | ||
| 082 | 0 | 4 |
_a345.6205042 _bخ ل ف _222 |
| 100 | 1 | _aخلف، مصطفى علي. | |
| 245 | 1 | 0 |
_aحق المحكمة الجنائية في تعديل الاتهام / _cتأليف مصطفى علي خلف ؛ تقديم عبد الرؤوف مهدي. |
| 260 |
_aالقاهرة : _bنادي القضاة، _c2012. |
||
| 300 |
_a296 ص. ؛ _c24 سم. |
||
| 500 | _aهذا العمل كان في أصله رسالة للحصول على درجة الماجستير في الحقوق مقدمة إلى كلية الحقوق جامعة المنصورة. | ||
| 504 | _aيشتمل على إرجاعات ببليوجرافية. | ||
| 505 | 0 | _a1- حياد القاضي - شروط تقيد المحكمة بالاتهام -- 2- طلب التكليف بالحضور - بياناته - قصوره - إعلانه -- 3- حضور المتهم وتصحيح البطلان - توجيه الاتهام في الجلسة - نطاق الواقعة أمام المحكمة - تعديل الوصف - تعديل الاتهام - التنبيه -- 4- حق التصدي وجرائم الجلسات. | |
| 541 |
_aدكتور أحمد حمد ؛ _cإهداء ؛ |
||
| 650 | 7 |
_aالدعوى الجنائية _zمصر. _2BUEsh _940639 |
|
| 650 | 7 |
_aالمحاكم الجنائية _zمصر. _2BUEsh _941159 |
|
| 651 | _2BUEsh | ||
| 653 |
_bLLAAWW _cJanuary2018 _cJanuary2019 |
||
| 700 | 1 |
_aمهدي، عبد الرؤوف، _eمقدم. |
|
| 942 | _2ddc | ||